| 000 | 01453nam a2200469 i 4500 | ||
|---|---|---|---|
| 001 | 5886 | ||
| 003 | KOSZ 005 | ||
| 005 | 20190924112337.0 | ||
| 008 | 000114s1980 pl a f |000 0 pol | ||
| 015 | _aPB 1981/1569 | ||
| 020 | _a8301025085 | ||
| 035 | _a991012483859705066 | ||
| 035 | _a(PL-WaBN)b13378715-48omnis_nlop | ||
| 035 | _ab13378715 | ||
| 035 | _a(OCoLC)749659023 | ||
| 035 | _a(PL)b0000001337871 | ||
| 035 | _a(EXLNZ-48OMNIS_NETWORK)9910218163305606 | ||
| 040 |
_aWA N _cWA N _dKOSZ 005/EG |
||
| 041 | 0 | _apol | |
| 046 | _k1978 | ||
| 080 | _a678 | ||
| 100 | 1 |
_aŁączyński, Bogdan _d(1923-2003) _eAutor |
|
| 245 | 1 | 0 |
_aTworzywa sztuczne i ich przetwórstwo / _cBogdan Łączyński. |
| 250 | _aWyd. 2 popr. | ||
| 260 |
_aWarszawa : _bPańst. Wydaw. Naukowe, _c1980. |
||
| 300 |
_a132, [3] s. : _bil., tab., wykr. ; _c24 cm. |
||
| 336 |
_2rdacontent _aTekst _btxt |
||
| 337 |
_2rdamedia _aBez urządzenia pośredniczącego _bn |
||
| 338 |
_2rdacarrier _aWolumin _bnc |
||
| 380 | _aKsiążki | ||
| 380 | _aPublikacje fachowe | ||
| 388 | _a1901-2000 | ||
| 388 | _a1945-1989 | ||
| 490 | 1 | _aTechniki Wytwarzania | |
| 650 | 7 |
_aTworzywa sztuczne _2DBN |
|
| 658 | _aChemia | ||
| 658 | _aInżynieria i technika | ||
| 830 | 0 | _aTechniki Wytwarzania | |
| 856 |
_uhttp://koha.tu.koszalin.pl/cgi-bin/koha/opac-detail.pl?biblionumber=5886 _yKatalog online BPK |
||
| 942 |
_2UKD _cKS |
||
| 999 |
_c5886 _d5886 |
||